Les meilleurs entraîneurs de football du monde - Statistiques

Statistiques générales
  • Ce quiz a été pris 143 fois
  • Le résultat moyen est 12 sur 25
Statistiques - réponses
Rang Championnat Nationalité Entraîneur % Correct
1 Premier League Espagne Pep Guardiola
96%
2 Liga Italie Carlo Ancelotti
91%
10 Équipe nationale France Didier Deschamps
85%
19 Ligue 1 Espagne Luis Enrique
74%
12 Sans club France Zinédine Zidane
72%
11 Liga Allemagne Hansi Flick
70%
5 Liga Argentine Diego Simeone
68%
4 Premier League Espagne Mikel Arteta
65%
3 Serie A Italie Simone Inzaghi
59%
8 Bundesliga Espagne Xabi Alonso
59%
22 Ligue 1 Italie Roberto De Zerbi
54%
15 Bundesliga Belgique Vincent Kompany
51%
13 Premier League Pays-Bas Arne Slot
44%
6 Premier League Espagne Unai Emery
44%
18 Équipe nationale Allemagne Julian Nagelsmann
40%
9 Équipe nationale Argentine Lionel Scaloni
37%
17 Serie A Italie Thiago Motta
34%
7 Équipe nationale Italie Luciano Spalletti
31%
23 Premier League Portugal Ruben Amorim
30%
14 Premier League Italie Enzo Maresca
24%
21 Sans club Pays-Bas Erik ten Hag
24%
16 Premier League Australie Ange Postecoglou
23%
25 Eredivisie Pays-Bas Peter Bosz
18%
24 Serie A Italie Gian Piero Gasperini
11%
20 Liga Espagne Michel
2%
Aucun quiz correspondant
Distribution des résultats
% des personnes avec chaque résultat
Percentile par nombre de réponses
Votre historique - résultats
Vous n’avez pas pris ce quiz